000 00872nam a2200301Ia 4500
003 OSt
005 20220912151456.0
006 a|||||r|||| 00| 0
007 ta
008 220909b |||||||| |||| 00| 0 eng d
024 _a22807
037 _cTextual
040 _aCSL
_beng
_cCSL
041 _aeng
082 _aB334, M8
100 _aCanuto Claudio
245 0 _aSpecial methods in fluid dynamics
260 _aNew York
_b Springer-Verlag
_c1988
300 _a557p.
_ccm.
490 _aSpringer series in computational physics
650 _a Differential equations
650 _aNumerical analysis
700 _a Hussaini M Yousuff
700 _a Quarteroni Alifio
700 _a Zang Thomas A
942 _hB334, M8
_cTEXL
_2CC
999 _c69371
_d69371